[Event "5th FIDE GP"]
[Site "Jermuk ARM"]
[Date "2009.08.22"]
[Round "12"]
[White "Ivanchuk,V"]
[Black "Jakovenko,D"]
[Result "1/2-1/2"]
[WhiteElo "2703"]
[BlackElo "2760"]

1.e4 e5 2.Nf3 Nc6 3.Bb5 Nf6 4.d3 Bc5 5.Bxc6 dxc6 6.h3 Bd6 7.Nbd2 c5 8.Nc4 Nd7
9.Bd2 O-O 10.O-O Re8 11.Bc3 f6 12.Nh4 Nf8 13.Nf5 Ne6 14.Qg4 g6 15.Qg3 Bf8
16.a4 Nf4 17.Rfe1 Be6 18.Nfe3 b6 19.h4 Bf7 20.b3 Bg7 21.Bb2 Qd7 22.Kh1 Rf8
23.Qh2 Ne6 24.Qh3 Rad8 25.Rad1 Rfe8 26.Qg3 Nf4 27.Qf3 Qc6 28.Ng4 Nh5 29.Kg1 Be6
30.g3 Rf8 31.Nh2 Rf7 32.Ne3 Qe8 33.Ng2 Bf8 34.Ne3 Bg7 35.Bc1 Bc8 36.Bb2 Bb7
37.Qe2 Bf8 38.Nhg4 Bg7 39.Nh2 Bf8 40.Nhg4 Bg7  1/2-1/2

[Event "17th TCh-Eur"]
[Site "Novi Sad SRB"]
[Date "2009.10.22"]
[Round "1"]
[White "Saric,Iv"]
[Black "Jakovenko,D"]
[Result "1-0"]
[WhiteElo "2573"]
[BlackElo "2742"]

1.e4 c5 2.Nf3 Nc6 3.d4 cxd4 4.Nxd4 g6 5.c4 Nf6 6.Nc3 d6 7.Nc2 Bg7 8.Be2 O-O
9.O-O Nd7 10.Bd2 Nc5 11.b4 Nd7 12.Rb1 b6 13.f4 Bb7 14.Kh1 Rc8 15.Bd3 e6 16.Qe1 Qe7
17.Qf2 Nf6 18.a4 Rfd8 19.Rfe1 Qd7 20.Bf1 d5 21.cxd5 exd5 22.e5 Ng4 23.Qg3 d4
24.Nb5 Ncxe5 25.fxe5 Rxc2 26.Rbd1 Qe6 27.h3 a6 28.Na3 Rxd2 29.Rxd2 Nxe5 30.Nc4 f6
31.Qh4 Rd7 32.Kg1 g5 33.Qf2 g4 34.Nxe5 g3 35.Qxg3 fxe5 36.Bd3 Rf7 37.Qh4 Qh6
38.Qxh6 Bxh6 39.Rde2 Rg7 40.Bc4+ Kf8 41.Rf2+ Bf4 42.Rxe5 Rxg2+ 43.Rxg2 Bxe5
44.Rf2+  1-0

[Event "17th TCh-Eur"]
[Site "Novi Sad SRB"]
[Date "2009.10.24"]
[Round "3"]
[White "Jakovenko,D"]
[Black "Godena,M"]
[Result "1-0"]
[WhiteElo "2742"]
[BlackElo "2530"]

1.e4 e5 2.Nf3 Nc6 3.Bb5 Nf6 4.d3 Bc5 5.O-O Nd4 6.Nxd4 Bxd4 7.Nd2 a6 8.Ba4 b5
9.Bb3 d6 10.Nf3 Bb6 11.Nh4 Bg4 12.Qe1 h6 13.Kh1 g5 14.Nf5 Bxf5 15.exf5 Kf8
16.Be3 Qd7 17.Bxb6 cxb6 18.Qe3 Rb8 19.d4 Qxf5 20.dxe5 dxe5 21.a4 bxa4 22.Rxa4 a5
23.Rc4 Kg7 24.Rc7 Rhf8 25.Kg1 a4 26.Ba2 Qf4 27.Qh3 g4 28.Qc3 Qd4 29.Qa3 b5
30.c3 b4 31.cxd4 bxa3 32.dxe5 Ne8 33.Rc4 Rxb2 34.Rxg4+ Kh8 35.Ra1 Nc7 36.Rxa4 Rd8
37.Rxa3 Nb5 38.Ra5 Rdd2 39.Bxf7 Rxf2 40.Bd5 Nc7 41.Bf3 Ne6 42.Ra8+ Kg7 43.R8a7+ Kg6
44.R1a6 Rfd2 45.h3 Kf5 46.Re7  1-0

[Event "17th TCh-Eur"]
[Site "Novi Sad SRB"]
[Date "2009.10.25"]
[Round "4"]
[White "Stellwagen,D"]
[Black "Jakovenko,D"]
[Result "1/2-1/2"]
[WhiteElo "2630"]
[BlackElo "2742"]

1.e4 e5 2.Nf3 Nc6 3.Bb5 Nf6 4.O-O Nxe4 5.d4 Nd6 6.Bxc6 dxc6 7.dxe5 Nf5 8.Qxd8+ Kxd8
9.Nc3 h6 10.h3 Ne7 11.Be3 Ke8 12.Rad1 Bd7 13.Rfe1 Rd8 14.a3 a6 15.Bf4 Be6
16.Nd4 Nd5 17.Nxe6 fxe6 18.Ne2 b5 19.Bc1 c5 20.b3 Be7 21.g4 Kf7 22.Rd3 g5
23.f4 gxf4 24.Nxf4 Nxf4 25.Rf3 Kg6 26.Rxf4 Rd5 27.Kg2 Bg5 28.Rf3 Bxc1 29.Rxc1 Rxe5
30.Rcf1 Rg8 31.Kg3 Rg7 32.Kh4 Re4 33.Rf8 c4 34.R1f6+ Kh7 35.Re8 cxb3 36.cxb3 c5
37.Rexe6 Rxe6 38.Rxe6 Rc7 39.Rxa6  1/2-1/2

[Event "17th TCh-Eur"]
[Site "Novi Sad SRB"]
[Date "2009.10.26"]
[Round "5"]
[White "Jakovenko,D"]
[Black "Mikhalevski,V"]
[Result "1/2-1/2"]
[WhiteElo "2742"]
[BlackElo "2625"]

1.e4 e5 2.Nf3 Nc6 3.Bb5 a6 4.Ba4 Nf6 5.O-O Nxe4 6.d4 b5 7.Bb3 d5 8.dxe5 Be6
9.Nbd2 Nc5 10.c3 d4 11.Bxe6 Nxe6 12.cxd4 Ncxd4 13.a4 Bb4 14.axb5 Nxb5 15.Qa4 Bxd2
16.Bxd2 O-O 17.Rfd1 c5 18.Be3 Qe7 19.Qe4 h6 20.h4 Rfe8 21.Re1 Kh8 22.Ra4 Qd7
23.Rea1 Nbc7 24.Qf5 Rab8 25.Qh5 Rb4 26.Rxb4 cxb4 27.Nh2 Rf8 28.Rd1 Qa4 29.Rd2 Qc6
30.Qd1 a5 31.Nf3 Kg8 32.Kh2 Qc4 33.Rd7 Qb5 34.Rd6 Ra8 35.Rb6 Qc4 36.b3 Qd5
37.Qc2  1/2-1/2

[Event "17th TCh-Eur"]
[Site "Novi Sad SRB"]
[Date "2009.10.27"]
[Round "6"]
[White "Jakovenko,D"]
[Black "Gashimov,V"]
[Result "1/2-1/2"]
[WhiteElo "2742"]
[BlackElo "2740"]

1.e4 c5 2.Nf3 d6 3.d4 cxd4 4.Nxd4 Nf6 5.Nc3 a6 6.Be3 e5 7.Nb3 Be7 8.Qd2 Ng4
9.g3 Nxe3 10.Qxe3 Bg5 11.f4 exf4 12.gxf4 Bh4+ 13.Kd2 Nc6 14.Rg1 g5 15.fxg5 Ne5
16.Kc1 Bg4 17.Kb1 Bxg5 18.Qg3 Bh4 19.Qe3 Be6 20.Be2 Rc8 21.Nd4 Qf6  1/2-1/2

[Event "17th TCh-Eur"]
[Site "Novi Sad SRB"]
[Date "2009.10.29"]
[Round "8"]
[White "Sargissian,G"]
[Black "Jakovenko,D"]
[Result "1/2-1/2"]
[WhiteElo "2678"]
[BlackElo "2742"]

1.d4 Nf6 2.c4 e6 3.Nc3 Bb4 4.e3 O-O 5.Bd3 d5 6.Nf3 b6 7.O-O Bb7 8.a3 Bd6
9.b4 dxc4 10.Bxc4 a5 11.bxa5 Rxa5 12.h3 Nbd7 13.Nb5 Ne4 14.Nxd6 cxd6 15.Nd2 Qa8
16.f3 d5 17.Bd3 Nc3 18.Qc2 Rc8 19.Nb3 Na4 20.Qb1 Nc3 21.Qc2 Na4 22.Qb1 Nc3
23.Qc2  1/2-1/2

[Event "17th TCh-Eur"]
[Site "Novi Sad SRB"]
[Date "2009.10.30"]
[Round "9"]
[White "Jakovenko,D"]
[Black "Illescas Cordoba,M"]
[Result "1/2-1/2"]
[WhiteElo "2742"]
[BlackElo "2591"]

1.d4 d5 2.c4 dxc4 3.e4 e5 4.Nf3 exd4 5.Bxc4 Nc6 6.O-O Be6 7.Bxe6 fxe6 8.Qb3 Qd7
9.Qxb7 Rb8 10.Qa6 Nf6 11.Qe2 d3 12.Qe3 Be7 13.Rd1 Nb4 14.Na3 O-O 15.h3  1/2-1/2

[Event "World Blitz"]
[Site "Moscow RUS"]
[Date "2009.11.16"]
[Round "7"]
[White "Gashimov,V"]
[Black "Jakovenko,D"]
[Result "1/2-1/2"]
[WhiteElo "2758"]
[BlackElo "2736"]

1.e4 e5 2.Nf3 Nc6 3.Bb5 Nf6 4.d4 exd4 5.e5 Ne4 6.O-O a6 7.Bxc6 dxc6 8.Nxd4 Bc5
9.c3 O-O 10.Re1 f5 11.f3 Ng5 12.Be3 Bxd4 13.cxd4 Be6 14.Nc3 f4 15.Bf2 Bd5
16.Rc1 Ne6 17.Qa4 Qd7 18.Qb4 b6 19.Qa4 Rf7 20.Rc2 a5 21.Rcc1 b5 22.Qc2 Rd8
23.Nxd5 cxd5 24.Qc6 g5 25.Re2 Re7 26.Rec2 Qxc6 27.Rxc6 Ra8 28.Kf1 Kf7 29.Ke2 Rd7
30.Kd3 h6 31.Be1 Re7 32.a3 Ra7 33.Bd2 Ra8 34.g3 Ra7 35.gxf4 gxf4 36.Rg1 h5
37.h4 Ra8 38.Kc3 Ra7 39.Bxf4 b4+ 40.axb4 axb4+ 41.Kxb4 Nxd4 42.Rf6+ Ke8 43.Kc5 Nxf3
44.Rg8+ Kd7 45.Kxd5 Nxe5 46.Bxe5 Ra5+ 47.Ke4 Raxe5+ 48.Kf4 Rb5 49.Rg5 Rb4+
50.Kg3 Re3+ 51.Kf2 Rh3 52.Rxh5 Rxb2+ 53.Kg1 Rd3 54.Rh7+ Kc8 55.h5 Rg3+ 56.Kf1 Rh3
57.Kg1 Rg3+ 58.Kf1 Rh3  1/2-1/2

[Event "World Blitz"]
[Site "Moscow RUS"]
[Date "2009.11.16"]
[Round "11"]
[White "Svidler,P"]
[Black "Jakovenko,D"]
[Result "1-0"]
[WhiteElo "2754"]
[BlackElo "2736"]

1.c4 e6 2.Nf3 d5 3.e3 Nf6 4.b3 c5 5.Bb2 Nc6 6.cxd5 exd5 7.Bb5 Bd6 8.d4 Qa5+
9.Nc3 Ne4 10.Rc1 O-O 11.Bxc6 bxc6 12.O-O Bg4 13.dxc5 Bxc5 14.Na4 f6 15.Nxc5 Nxc5
16.Qc2 Ne4 17.Qxc6 Rac8 18.Qb7 Rb8 19.Qe7 Rf7 20.Qa3 Qd8 21.Nd4 Qe8 22.Rfe1 Bd7
23.Qa5 Rd8 24.Qxd5 Ng5 25.Qa5 Bg4  1-0

[Event "World Blitz"]
[Site "Moscow RUS"]
[Date "2009.11.16"]
[Round "13"]
[White "Grischuk,A"]
[Black "Jakovenko,D"]
[Result "1-0"]
[WhiteElo "2736"]
[BlackElo "2736"]

1.d4 d5 2.c4 e6 3.Nf3 Nf6 4.Nc3 Be7 5.Bg5 h6 6.Bh4 O-O 7.e3 Ne4 8.Bxe7 Qxe7
9.Rc1 Nxc3 10.Rxc3 c6 11.Bd3 Nd7 12.Qc2 dxc4 13.Bxc4 b6 14.Bd3 c5 15.Be4 Rb8
16.O-O Ba6 17.Rc1 Rfc8 18.dxc5 Rxc5 19.Nd4 Rxc3 20.Qxc3 Rc8 21.Qd2 Rxc1+
22.Qxc1 Ne5 23.Qc3 g6 24.h3 Qd6 25.b4  1-0

[Event "World Blitz"]
[Site "Moscow RUS"]
[Date "2009.11.17"]
[Round "16"]
[White "Jakovenko,D"]
[Black "Dominguez Perez,L"]
[Result "1-0"]
[WhiteElo "2736"]
[BlackElo "2719"]

1.e4 c5 2.Nf3 d6 3.d4 cxd4 4.Nxd4 Nf6 5.Nc3 a6 6.Be2 e5 7.Nb3 Be7 8.O-O O-O
9.Kh1 Nc6 10.f3 b5 11.Nd5 Nxd5 12.exd5 Na5 13.Bd2 Nc4 14.Bxc4 bxc4 15.Na5 Bd7
16.Nxc4 Bb5 17.b3 Bxc4 18.bxc4 Qc7 19.f4 Bf6 20.Bc3 Qxc4 21.fxe5 dxe5 22.Ba5 Rab8
23.d6 Rb5 24.Bc7 Bd8 25.Bxd8 Rxd8 26.Qf3 e4 27.Qf4 Qe6 28.c4 Re5 29.Rab1 e3
30.d7 e2 31.Rfe1 f6 32.Rb7 Rxd7 33.Rb8+ Kf7 34.Rbb1 Re4 35.Qf3 Qxc4 36.Qh5+ Ke7
37.Qxh7 Kf7 38.Qh5+ Ke7 39.Qh7 Kd8 40.Qh8+ Ke7 41.Qxg7+ Qf7 42.Qg3 Qe6 43.Qg7+ Qf7
44.Qg3 f5 45.h3 Qf6 46.Qg8 Qf7 47.Qg5+ Qf6 48.Qg8 Qe6 49.Qg7+ Qf7 50.Qg5+ Qf6
51.Qg8 Qf7 52.Qg5+ Qf6 53.Qh5 Qe6 54.Rb8 Kd6  1-0

[Event "World Blitz"]
[Site "Moscow RUS"]
[Date "2009.11.17"]
[Round "17"]
[White "Karjakin,Sergey"]
[Black "Jakovenko,D"]
[Result "1/2-1/2"]
[WhiteElo "2723"]
[BlackElo "2736"]

1.e4 e5 2.Nf3 Nc6 3.Bb5 Nf6 4.d3 Bc5 5.O-O Nd4 6.Nxd4 Bxd4 7.Nd2 a6 8.Ba4 b5
9.Bb3 Bb6 10.a4 Rb8 11.Nf3 d6 12.c3 O-O 13.h3 h6 14.Re1 Re8 15.Bc2 d5 16.exd5 Qxd5
17.axb5 axb5 18.Be3 Bf5 19.Bxb6 Rxb6 20.Ra7 Qd6 21.d4 Bxc2 22.Qxc2 exd4 23.Rxe8+ Nxe8
24.Nxd4 Rb8 25.Qe2 Qb6 26.Ra1 Nf6 27.Qe5 b4 28.Nf5 bxc3 29.bxc3 Re8 30.Qg3 Nh5
31.Qg4 Qg6 32.Ra7 Qxg4 33.hxg4 Nf6 34.f3 Nd5 35.c4 Ne3 36.Rxc7 Nxf5 37.gxf5 Re5
38.g4 h5 39.Kf2 hxg4 40.fxg4 f6 41.c5 Kh7 42.Kf3 Kh6 43.Rc8 Kh7 44.c6 Rc5
45.Ke4 Kh6 46.Kd4 Rc1 47.Kd5 Kg5 48.Re8 Kxg4 49.Re4+ Kxf5 50.Rc4 Rd1+ 51.Rd4 Rc1
52.Kd6 g5 53.Rd5+ Kf4 54.Rc5 Rd1+ 55.Ke7 Re1+ 56.Kxf6 g4 57.c7 Re8 58.Rc4+  1/2-1/2

[Event "World Blitz"]
[Site "Moscow RUS"]
[Date "2009.11.17"]
[Round "18"]
[White "Jakovenko,D"]
[Black "Karpov,Ana"]
[Result "1/2-1/2"]
[WhiteElo "2736"]
[BlackElo "2619"]

1.Nf3 Nf6 2.c4 e6 3.g3 d5 4.b3 Be7 5.Bg2 O-O 6.O-O c5 7.e3 b6 8.Bb2 Bb7 9.Qe2 Nc6
10.d3 Qc7 11.Nbd2 Rfd8 12.Rac1 Rac8 13.Rfd1 Qb8 14.cxd5 Nxd5 15.a3 Bf6 16.Ne4 Bxb2
17.Qxb2 h6 18.Rd2 a5 19.Rcd1 Nde7 20.d4 cxd4 21.Nxd4 Nxd4 22.Rxd4 Rxd4 23.Qxd4 Bd5
24.Qd3 Qc7 25.Nd2 Bxg2 26.Kxg2 Rd8 27.Qc4 Qd6 28.a4 Ng6 29.Qe4 Ne7 30.Kf1 Nc6
31.Ke2 Nb4 32.Qc4 Qd7 33.Qc3 Qd5 34.Rc1 Qh5+ 35.Nf3 Rd3 36.Qc8+ Kh7 37.Rc3 Rd5
38.Qc4 Qg6 39.Kf1 Rc5 40.Qd4 Rxc3 41.Qxc3 Qe4 42.Ke2 g5 43.h3 Nd5 44.Qd3 Qxd3+
45.Kxd3 f5 46.Nd4 Nc7 47.Kc4 Kg6 48.Nc6 Kf6 49.b4 axb4 50.Nxb4 Ke5 51.Nd3+ Ke4
52.Ne1 h5 53.Kb4 g4 54.hxg4 hxg4 55.Kc4 e5 56.Nd3 Kf3 57.Nxe5+ Kxf2 58.e4 fxe4
59.Nxg4+ Kxg3 60.Ne3 Kf3 61.Nc2 e3 62.Kb4 e2 63.Nd4+ Ke3 64.Nxe2 Kxe2 65.a5  1/2-1/2

[Event "World Blitz"]
[Site "Moscow RUS"]
[Date "2009.11.17"]
[Round "19"]
[White "Naiditsch,A"]
[Black "Jakovenko,D"]
[Result "0-1"]
[WhiteElo "2689"]
[BlackElo "2736"]

1.e4 c5 2.Nf3 Nc6 3.Bb5 e6 4.Bxc6 bxc6 5.b3 f6 6.O-O e5 7.c3 d5 8.Qe2 dxe4
9.Qxe4 Qd5 10.d3 Ne7 11.c4 Qd8 12.Rd1 Bf5 13.Qe2 Bg4 14.Nc3 Qd7 15.h3 Be6
16.Ne4 Nf5 17.Ba3 Nd4 18.Nxd4 cxd4 19.Bxf8 Rxf8 20.f4 Kf7 21.fxe5 fxe5 22.Qh5+ Kg8
23.Qxe5 Bf5 24.Nd6 Rf6 25.c5 Bxh3 26.Rd2 Be6 27.Qxd4 Raf8 28.Qe5 Bd5 29.Re1 Qg4
30.Ne4 Re6 31.Qh2 Rh6 32.Qg3 Qh5 33.Nf2 Rg6 34.Re5 Qh6 35.Qe3 Rxg2+ 36.Kf1 Qh1+  0-1

[Event "World Blitz"]
[Site "Moscow RUS"]
[Date "2009.11.17"]
[Round "21"]
[White "Anand,V"]
[Black "Jakovenko,D"]
[Result "0-1"]
[WhiteElo "2788"]
[BlackElo "2736"]

1.d4 d5 2.c4 e6 3.Nc3 Be7 4.cxd5 exd5 5.Bf4 c6 6.Qc2 Bd6 7.Bxd6 Qxd6 8.e3 Ne7
9.Bd3 b6 10.Nge2 Ba6 11.O-O Bxd3 12.Qxd3 O-O 13.f3 Nd7 14.Rad1 f5 15.Ng3 Rae8
16.e4 fxe4 17.fxe4 Rxf1+ 18.Rxf1 Rf8 19.Re1 h6 20.e5 Qb4 21.Re2 c5 22.e6 Nf6
23.a3 Qxd4+ 24.Qxd4 cxd4 25.Nb5 d3 26.Rd2 a6 27.Nd4 Ne4 28.Rxd3 Nxg3 29.hxg3 Nf5
30.Nf3 Nxg3 31.Rxd5 Re8 32.Rd6 Kf8 33.Rxb6 a5 34.Nd4 Ke7 35.Ra6 Kf6 36.Rxa5 Rd8
37.e7 Re8 38.Nc6 Nf5 39.Ra7 Ke6 40.b4 Kd6 41.b5 h5 42.a4 h4 43.a5 Kc5 44.Rb7 Nd6
45.Rb8 Rxb8 46.Nxb8 Kxb5 47.a6 Kb6 48.Kh2 Ka7 49.Nd7 Kxa6 50.Kh3 Kb7 51.Ne5  0-1

[Event "World Blitz"]
[Site "Moscow RUS"]
[Date "2009.11.17"]
[Round "26"]
[White "Jakovenko,D"]
[Black "Ivanchuk,V"]
[Result "1-0"]
[WhiteElo "2736"]
[BlackElo "2739"]

1.e4 c6 2.d4 d5 3.Nc3 dxe4 4.Nxe4 Nd7 5.Nf3 Ngf6 6.Nxf6+ Nxf6 7.c3 Bg4 8.h3 Bxf3
9.Qxf3 Qd5 10.Be2 e6 11.O-O Qxf3 12.Bxf3 a5 13.c4 Be7 14.Be3 O-O 15.Rfd1 Rfd8
16.g4 a4 17.Kg2 h6 18.h4 Ne8 19.Kg3 Rd7 20.d5 cxd5 21.cxd5 e5 22.Rac1 Nd6
23.Bc5 f5 24.gxf5 Nxf5+ 25.Kh3 Bxc5 26.Rxc5 Nd6 27.Bg4 Re7 28.Be6+ Kh7 29.Re1 e4
30.Re3 Rf8 31.Kg3 Kg6 32.b3 axb3 33.Rxb3 Kf6 34.f4 exf3 35.Rxf3+ Ke5 36.Rxf8 Ne4+
37.Kg4 Nxc5 38.Bg8 Nd7 39.Rf5+ Kd6 40.Kf4 Re2 41.Rf7 Rf2+ 42.Ke3 Rxf7 43.Bxf7 Ke5
44.Kd3 Nb6 45.h5 Nxd5 46.Kc4 Nf4 47.Kc5 Kf6 48.Bc4 Nxh5 49.Kb6 Nf4 50.Kxb7 h5
51.a4 h4 52.Bf1 Ne6 53.a5 Ke7 54.Kb6 Kd6 55.a6 Nc7 56.a7 g5 57.Bh3 Nd5+ 58.Kb7 Nc7
59.Bg4 Na8 60.Kxa8 Kc7 61.Bh3  1-0

[Event "World Blitz"]
[Site "Moscow RUS"]
[Date "2009.11.18"]
[Round "32"]
[White "Jakovenko,D"]
[Black "Svidler,P"]
[Result "0-1"]
[WhiteElo "2736"]
[BlackElo "2754"]

1.e4 g6 2.d4 Bg7 3.Nc3 d6 4.Nf3 Nf6 5.Be2 O-O 6.O-O a6 7.a4 b6 8.Re1 e6 9.Bf1 Bb7
10.g3 Nbd7 11.Bg2 Qc8 12.Bg5 b5 13.e5 dxe5 14.dxe5 Nd5 15.axb5 Nxc3 16.bxc3 axb5
17.Rxa8 Bxa8 18.Bf4 Bd5 19.Nd4 Qb7 20.Bxd5 Qxd5 21.Nf3 Nb6 22.Qe2 Rd8 23.h4 Qc4
24.Bg5 Qxe2 25.Rxe2 Rd1+ 26.Kg2 Nd5 27.c4 bxc4 28.Re4 c3 29.Bd8 Nb6 30.Rd4 Rxd4
31.Nxd4 Bxe5 32.Nb5 Nd5 33.f4 c6 34.Na7 Bg7 35.Nxc6 Ne3+ 36.Kf3 Nxc2 37.Ke4 f5+
38.Kd3 Ne1+  0-1

[Event "World Blitz"]
[Site "Moscow RUS"]
[Date "2009.11.18"]
[Round "34"]
[White "Jakovenko,D"]
[Black "Grischuk,A"]
[Result "0-1"]
[WhiteElo "2736"]
[BlackElo "2736"]

1.e4 c5 2.Nf3 d6 3.d4 cxd4 4.Nxd4 Nf6 5.Nc3 a6 6.Be2 e5 7.Nb3 Be7 8.O-O O-O
9.Kh1 Nc6 10.f3 a5 11.Nd5 a4 12.Nd2 Nxd5 13.exd5 Nb4 14.Nc4 Bf5 15.Ne3 Bd7
16.c3 Na6 17.b4 axb3 18.axb3 Nc5 19.Rxa8 Qxa8 20.b4 Na4 21.Qb3 b5 22.f4 exf4
23.Rxf4 Bg5 24.Rf3 Re8 25.Rg3 Bf4 26.Rf3 Bh6 27.Qc2 Qc8 28.Bd2 Nxc3 29.Bd3 Nxd5
30.Bxh7+ Kh8 31.Nxd5 Qxc2 32.Bxc2 Bxd2 33.Rxf7 Re1+  0-1

[Event "World Blitz"]
[Site "Moscow RUS"]
[Date "2009.11.18"]
[Round "36"]
[White "Jakovenko,D"]
[Black "Tkachiev,V"]
[Result "0-1"]
[WhiteElo "2736"]
[BlackElo "2642"]

1.d4 d6 2.Nf3 g6 3.c4 Bg7 4.Nc3 Nf6 5.e4 O-O 6.h3 Na6 7.Be3 c6 8.Be2 e5 9.d5 Nh5
10.g3 f5 11.exf5 gxf5 12.dxc6 bxc6 13.Nxe5 Nxg3 14.Nxc6 Qe8 15.fxg3 Qxe3
16.Qd3 Qxd3 17.Bxd3 Re8+ 18.Kd2 Bh6+ 19.Kc2 Bb7 20.Bxf5 Bxc6 21.Rhd1 Nb4+
22.Kb3 Rab8 23.Nb5 Bxb5 24.cxb5 Rxb5 25.Bd7 Nc6+ 26.Kc4 Rc5+ 27.Kb3 Re3+  0-1

[Event "World Blitz"]
[Site "Moscow RUS"]
[Date "2009.11.18"]
[Round "37"]
[White "Dominguez Perez,L"]
[Black "Jakovenko,D"]
[Result "1-0"]
[WhiteElo "2719"]
[BlackElo "2736"]

1.e4 e5 2.Nf3 Nc6 3.Bb5 Nf6 4.d3 Bc5 5.c3 O-O 6.O-O d5 7.Nbd2 Bg4 8.h3 Bh5
9.exd5 Qxd5 10.Bc4 Qd6 11.b4 Bb6 12.a4 a6 13.Ba3 Nd8 14.Re1 Nd7 15.b5 Bc5
16.Ne4 Qb6 17.Nxc5 Nxc5 18.d4 Nxa4 19.Bxf8 Nb2 20.Bc5 Qg6 21.Nxe5 Bxd1 22.Nxg6 hxg6
23.Raxd1 Nxc4 24.Re8+ Kh7 25.Be7  1-0

[Event "World Blitz"]
[Site "Moscow RUS"]
[Date "2009.11.18"]
[Round "38"]
[White "Jakovenko,D"]
[Black "Karjakin,Sergey"]
[Result "1-0"]
[WhiteElo "2736"]
[BlackElo "2723"]

1.d4 d5 2.Nf3 Nf6 3.c4 c6 4.Nc3 a6 5.cxd5 cxd5 6.Bf4 Nc6 7.Rc1 Bf5 8.Ne5 Rc8
9.e3 e6 10.Qb3 Nxe5 11.Bxe5 Qd7 12.Be2 Be7 13.O-O O-O 14.Na4 Rxc1 15.Rxc1 Rc8
16.Rxc8+ Qxc8 17.Nc5 Bxc5 18.dxc5 Nd7 19.Bd6 Qc6 20.Qc3 f6 21.h3 e5 22.b4 Be6
23.Qb3 b5 24.e4 Kf7 25.Bg4 Qb7 26.Qc2 Bxg4 27.hxg4 Qc6 28.Qb3 Ke6 29.g5 a5
30.Qh3+ Kf7 31.exd5 Qxd5 32.Qxd7+ Kg6 33.gxf6 gxf6 34.Qg4+ Kf7 35.bxa5 Qxa2
36.c6  1-0

[Event "World Blitz"]
[Site "Moscow RUS"]
[Date "2009.11.18"]
[Round "42"]
[White "Jakovenko,D"]
[Black "Anand,V"]
[Result "1/2-1/2"]
[WhiteElo "2736"]
[BlackElo "2788"]

1.e4 c6 2.d4 d5 3.Nc3 dxe4 4.Nxe4 Nd7 5.Nf3 Ngf6 6.Nxf6+ Nxf6 7.c3 Bg4 8.h3 Bxf3
9.Qxf3 e6 10.Bc4 Bd6 11.O-O O-O 12.Bb3 a5 13.c4 e5 14.dxe5 Bxe5 15.Rb1 Re8
16.Bc2 Bd4 17.Bg5 h6 18.Bxf6 Qxf6 19.Qxf6 Bxf6 20.Rfe1 Rxe1+ 21.Rxe1 Kf8
22.b3 Re8 23.Rxe8+  1/2-1/2

[Event "62nd ch-RUS"]
[Site "Moscow RUS"]
[Date "2009.12.24"]
[Round "5"]
[White "Jakovenko,D"]
[Black "Vitiugov,N"]
[Result "0-1"]
[WhiteElo "2736"]
[BlackElo "2694"]

1.d4 d5 2.Nf3 Nf6 3.c4 c6 4.e3 Bf5 5.Nc3 e6 6.Nh4 Be4 7.f3 Bg6 8.Qb3 Qc7
9.Bd2 Be7 10.cxd5 cxd5 11.Rc1 Nc6 12.Nxg6 hxg6 13.Na4 Nd7 14.Bd3 Rb8 15.f4 g5
16.O-O gxf4 17.e4 dxe4 18.Bxe4 Bf6 19.Bxf4 Bxd4+ 20.Kh1 Be5 21.Qg3 Bxf4 22.Rxf4 Nf6
23.Bf3 Nh5 24.Bxh5 Rxh5 25.Rcf1 g5 26.Qg4 Rxh2+ 27.Kxh2 Qe5 28.g3 gxf4 29.Rxf4 Ke7
30.Qh4+ Kd6 31.Rf6 Nd4 32.Kh3 Rg8 33.Nc3 Nf5 34.Qb4+ Kc6 35.Qe4+ Qxe4 36.Nxe4 Ne3
37.Rh6 f5 38.Nf6 Rd8 39.Nh5 Kd7 40.Ng7 e5 41.Kh4 Rg8 42.Rh7 Kc6 43.Nh5 Rg4+
44.Kh3 Rd4 45.Re7 e4 46.Kh4 Rd2 47.Kg5 Rxb2 48.Re6+ Kd7 49.Kf6 Rxa2 50.Kf7 Nd5
51.Ng7 e3 52.Nxf5 Rf2 53.Re5 e2 54.Kg6 Nc3 55.Nd4 Kd6 56.Re3 Kd5 57.Nc2 Kc4
58.g4 b5 59.Na3+ Kb4 60.Nc2+ Kb3 61.Ne1 b4 62.g5 Kc4 63.Kh5 Rf1 64.Nd3 Kd4  0-1

[Event "62nd ch-RUS"]
[Site "Moscow RUS"]
[Date "2009.12.27"]
[Round "7"]
[White "Jakovenko,D"]
[Black "Svidler,P"]
[Result "1/2-1/2"]
[WhiteElo "2736"]
[BlackElo "2754"]

1.e4 e5 2.Nf3 Nc6 3.Bb5 a6 4.Ba4 Nf6 5.O-O Be7 6.Re1 b5 7.Bb3 O-O 8.h3 Bb7
9.d3 d5 10.exd5 Nxd5 11.Nxe5 Nd4 12.Nc3 Nb4 13.Ne4 Nxb3 14.axb3 Qd5 15.Nf3 f5
16.Ng3 Qd7 17.Ne5 Qd5 18.Nf3 Qd7 19.Ne5 Qd5 20.Nf3  1/2-1/2

[Event "7th World Team Championship"]
[Site "Bursa TUR"]
[Date "2010.01.12"]
[Round "8"]
[White "Ezat,M"]
[Black "Jakovenko,D"]
[Result "0-1"]
[WhiteElo "2471"]
[BlackElo "2730"]

1.d4 Nf6 2.c4 g6 3.Nc3 d5 4.Bg5 Ne4 5.cxd5 Nxg5 6.h4 Ne4 7.Nxe4 Qxd5 8.Qd3 Bg7
9.Nf3 Nc6 10.Nc3 Qa5 11.e3 O-O 12.Qb5 Qb4 13.Qxb4 Nxb4 14.O-O-O c6 15.h5 a5
16.a3 Na6 17.Na4 b5 18.Nb6 Rb8 19.Nxc8 Rfxc8 20.Kb1 a4 21.hxg6 hxg6 22.Be2 c5
23.dxc5 Nxc5 24.Rh4 Nb3 25.Rb4 Rc5 26.Nd2 Nxd2+ 27.Rxd2 e6 28.Rc2 Rg5 29.g4 Bf8
30.Rd4 b4 31.axb4 Bxb4 32.Ka2 Ra5 33.Rdc4 Kg7 34.Rc8 Rxc8 35.Rxc8 Be1 36.f4 Bd2
37.Rc4 Bxe3 38.Re4 Bf2 39.Bd1 Kh6 40.Rc4 Bg3 41.Bxa4 f5 42.Kb1 fxg4 43.Bd1 Kh5
44.Re4 Rf5 45.Rxe6 Rxf4 46.Bc2 Rf1+ 47.Ka2 Rf5 48.Bd1 g5 49.Re7 Bf2 50.b4 Rd5
51.Rh7+ Kg6 52.Bc2+ Kf6 53.Kb3 Re5 54.Rh6+ Ke7 55.Rh7+ Kd6 56.Rh6+ Kd5 57.Bd1 g3
58.Bf3+ Kd4 59.Bg2 Be1 60.Rd6+ Ke3 61.Rf6 Rb5 62.Rf3+ Ke2 63.Ka3 Rb8 64.Rf5 Bxb4+
65.Kb3 Bd2+ 66.Kc4 Bf4 67.Ra5 Rb2 68.Kc3 Bd2+  0-1

[Event "FIDE GP"]
[Site "Astrakhan RUS"]
[Date "2010.05.11"]
[Round "2"]
[White "Jakovenko,D"]
[Black "Gashimov,V"]
[Result "1/2-1/2"]
[WhiteElo "2725"]
[BlackElo "2734"]

1.d4 Nf6 2.c4 e6 3.Nc3 c5 4.d5 exd5 5.cxd5 d6 6.e4 g6 7.f4 Bg7 8.Bb5+ Nfd7
9.a4 O-O 10.Nf3 Na6 11.O-O Nb4 12.Re1 a6 13.Bf1 Re8 14.Be3 Nf6 15.Bf2 Nh5
16.Qd2 Bg4 17.Be2 Bh6 18.Be3 Nf6 19.h3 Bxf3 20.Bxf3 Nd7 21.a5 Rb8 22.Be2 Nf6
23.Bf3 Nd7 24.Be2 Nf6 25.Bf3 Nd7  1/2-1/2

[Event "FIDE GP"]
[Site "Astrakhan RUS"]
[Date "2010.05.13"]
[Round "4"]
[White "Jakovenko,D"]
[Black "Alekseev,Evgeny"]
[Result "1/2-1/2"]
[WhiteElo "2725"]
[BlackElo "2700"]

1.d4 Nf6 2.c4 e6 3.Nf3 b6 4.g3 Bb7 5.Bg2 Be7 6.Nc3 Ne4 7.Bd2 Bf6 8.O-O O-O
9.Rc1 c5 10.d5 exd5 11.cxd5 Nxd2 12.Nxd2 d6 13.Nc4 Ba6 14.Qb3 Bxc4 15.Qxc4 a6
16.e3 Re8 17.Qe2 g6 18.Ne4 Bg7 19.b3 Qe7 20.g4 Nd7 21.g5 b5 22.Rfe1 Rac8
23.h4 Rc7 24.Rc2 Rec8 25.Rec1 Ne5 26.Nd2 Re8 27.Re1 Rec8 28.Rec1 Re8 29.Re1 Rec8
30.Rec1  1/2-1/2

[Event "FIDE GP"]
[Site "Astrakhan RUS"]
[Date "2010.05.14"]
[Round "5"]
[White "Inarkiev,E"]
[Black "Jakovenko,D"]
[Result "1/2-1/2"]
[WhiteElo "2669"]
[BlackElo "2725"]

1.e4 e5 2.Nf3 Nc6 3.Bb5 Nf6 4.O-O Nxe4 5.d4 Nd6 6.Bxc6 dxc6 7.dxe5 Nf5 8.Qxd8+ Kxd8
9.Nc3 Ke8 10.Ne2 Be7 11.Rd1 Nh4 12.Nxh4 Bxh4 13.Be3 a5 14.a4 Bd7 15.h3 h5
16.f3 Rd8 17.g4 hxg4 18.hxg4 Bc8 19.Kg2 Rxd1 20.Rxd1 Be7 21.Bd2 b6 22.Bf4 Bd8
23.b3 Be6 24.Nd4 Bd7 25.c4 Rh7 26.Rd3 c5 27.Nb5 Be6 28.Na7 Bd7 29.Nb5 Be6
30.Rd1 Rh8 31.Rd2 Rh7 32.Rd3 Rh8 33.Rd1 Rh7 34.Kf2 Rh3 35.Bg3 Rh7 36.Na7 Bd7
37.Nb5 Be6 38.Kg2 Rh8 39.Bh2 Rh7 40.Bg3 Rh8 41.Nc3 Rh7 42.Nd5 Rh8 43.Nf4 Bc8
44.Re1 Rh6 45.Nh5 Rh7 46.Rd1 Bg5 47.e6 g6 48.Rd5 gxh5 49.Rxg5 Bxe6 50.Rxh5 Rxh5
51.gxh5 Kd7 52.Be5 Bf5 53.Kg3 Bc2 54.h6 Ke6 55.Bxc7 Kf6 56.Bxb6 Bxb3 57.Bxa5 Bxa4
58.Bb6 Bb3 59.Bxc5 Bxc4 60.Be3  1/2-1/2

[Event "FIDE GP"]
[Site "Astrakhan RUS"]
[Date "2010.05.19"]
[Round "9"]
[White "Ivanchuk,V"]
[Black "Jakovenko,D"]
[Result "1/2-1/2"]
[WhiteElo "2741"]
[BlackElo "2725"]

1.c4 Nf6 2.Nc3 c5 3.Nf3 e6 4.g3 b6 5.Bg2 Bb7 6.O-O Be7 7.d4 cxd4 8.Nxd4 Bxg2
9.Kxg2 Qc8 10.Qd3 Nc6 11.b3 Nxd4 12.Qxd4 O-O 13.Bb2 Qb7+ 14.e4 d6 15.f3 a6
16.a4 Rfd8 17.Rfd1 Nd7 18.Qd2 Rac8 19.Rab1 Nc5 20.Qc2 h6 21.Rd2 Bg5 22.Re2 Bf6
23.Rd1 Qc6 24.Ba3 Qc7 25.Bb4 Qc6 26.Red2 Bg5 27.Re2 Bf6  1/2-1/2

[Event "4th ACP World Rapid Cup"]
[Site "Odessa UKR"]
[Date "2010.05.27"]
[Round "1.1"]
[White "Jakovenko,D"]
[Black "Inarkiev,E"]
[Result "1-0"]
[WhiteElo "2725"]
[BlackElo "2669"]

1.e4 e5 2.Nf3 Nc6 3.Bb5 a6 4.Bxc6 dxc6 5.O-O Qf6 6.d4 exd4 7.Bg5 Qd6 8.Nxd4 Bd7
9.Nc3 Qg6 10.Qd2 f6 11.Bf4 O-O-O 12.Ncb5 cxb5 13.Qc3 Bc6 14.Nxc6 bxc6 15.Qxc6 Bd6
16.Rad1 Qe8 17.Rxd6 Qxc6 18.Rxc6 Rd7 19.Rxa6 Kb7 20.Ra5 c6 21.Be3 Kb8 22.a4 b4
23.Bc5 Nh6 24.Bxb4 Rd4 25.Bc3 Rxe4 26.Rd1 Rhe8 27.h3 R4e7 28.Rh5 Nf7 29.Rxh7 Ng5
30.Rh4 Re2 31.Rb4+ Kc7 32.Rbd4 Rxc2 33.Rd7+ Kb6 34.a5+ Ka6 35.Rxg7 Ree2 36.Bxf6 Ne4
37.Bd4 c5 38.Be3 Nxf2 39.Bxf2 Rxf2 40.Rd5 Rfe2 41.b4 cxb4 42.Rg6+ Kb7 43.Rb5+ Kc7
44.Rxb4  1-0